Open Source Development, Communities and Quality : IFIP 20th World Computer Congress, Working Group 2.3 on Open Source Software, September 7-10, 2008, Milano, Italy /

Guardado en:
Detalles Bibliográficos
Autor principal: Barbara Russo, Ernesto Damiani, Scott Hissam, Björn Lundell, Giancarlo Succi (edición)
Formato: Libro
Idioma:Inglés
Publicado: Nueva York, EUA : Springer, 2008, c2008
Colección:(IFIP Advances in Information and Communication Technology)
Acceso en línea:Ver documento en línea
Etiquetas: Agrega una etiqueta
Sin etiquetas, Sé el primero en etiquetar este registro!

MARC

LEADER 00000nam^a22000000a04500
001 000598217
009 20260512124002.275
020 |a 978-0-387-09684-1 
022 |a 1868-422X 
037 |a Acervo ITESO - Biblioteca 
041 |a ING 
082 |a Libro en línea 
100 |a Barbara Russo, Ernesto Damiani, Scott Hissam, Björn Lundell, Giancarlo Succi  |e (edición) 
245 |a Open Source Development, Communities and Quality :  |b IFIP 20th World Computer Congress, Working Group 2.3 on Open Source Software, September 7-10, 2008, Milano, Italy / 
264 4 |a Nueva York, EUA :  |b Springer,  |c 2008, c2008 
264 2 |a Cham, Suiza :  |b Springer Link [distribución],  |c 2025 
300 |a 1 libro electrónico en línea (XXIV, 418 p.) 
300 |a 1 recurso en línea 
336 |a datos para computadora  |b cod  |2 rdacontenido 
337 |a computadora  |b c  |2 rdamedio 
338 |a recurso en línea  |b cr  |2 rdasoporte 
440 |a (IFIP Advances in Information and Communication Technology) 
506 0 |a Licencias ilimitadas 
567 |a Catalogación rápida 
649 |a XX 
856 4 0 |u https://link-springer-com.ezproxy.iteso.mx/10.1007/978-0-387-09684-1  |y Ver documento en línea 
910 |a Fondo General 
920 |a Electrónicos - Libros en Línea 
930 |a Plataforma Digital 
905 |a 205 
902 |a https://opac.biblio.iteso.mx/vufind/Record/000598217